Психология и педагогика (Психология): практикум
সংরক্ষণ করুন:
| প্রধান লেখক: | |
|---|---|
| বিন্যাস: | Книга |
| ভাষা: | Russian |
| প্রকাশিত: |
Кемерово
КемГИК
2020
|
| অনলাইন ব্যবহার করুন: | https://e.lanbook.com/book/174708 https://e.lanbook.com/img/cover/book/174708.jpg |
| ট্যাগগুলো: |
ট্যাগ যুক্ত করুন
কোনো ট্যাগ নেই, প্রথমজন হিসাবে ট্যাগ করুন!
|
| LEADER | 00960nam0a2200253 i 4500 | ||
|---|---|---|---|
| 001 | 174708 | ||
| 003 | RuSpLAN | ||
| 005 | 20221220174128.0 | ||
| 008 | 221220s2020 ru gs 000 0 rus | ||
| 020 | |a 978-5-8154-0547-9 | ||
| 040 | |a RuSpLAN | ||
| 041 | 0 | |a rus | |
| 044 | |a ru | ||
| 080 | |a 159.9+37.013(076.5) | ||
| 084 | |a 88+74.00я73 |2 rubbk | ||
| 245 | 0 | 0 | |a Психология и педагогика (Психология): практикум |c Бугрова Н. А. |
| 260 | |a Кемерово |b КемГИК |c 2020 | ||
| 300 | |a 133 с. | ||
| 504 | |a Библиогр.: доступна в карточке книги, на сайте ЭБС Лань | ||
| 521 | 8 | |a Книга из коллекции КемГИК - Психология. Педагогика | |
| 100 | 1 | |a Бугрова Н. А. | |
| 856 | 4 | |u https://e.lanbook.com/book/174708 | |
| 856 | 4 | 8 | |u https://e.lanbook.com/img/cover/book/174708.jpg |
| 953 | |a https://e.lanbook.com/img/cover/book/174708.jpg | ||